000 00727cam a22002533a 4500
001 26101
003 PGUSA
005 20140828083549.0
008 080721s2008||||xxu|||||s|||||000 | eng d
040 _aPGUSA
_beng
042 _adc
050 4 _aTH
100 1 _aViollet-le-Duc, Eugène-Emmanuel,
_d1814-1879
245 1 0 _aComment on construit une maison
_h[electronic resource] /
_cEugène-Emmanuel Viollet-le-Duc
260 _bProject Gutenberg,
_c2008
506 _aPublic domain in the USA.
516 _aElectronic text
653 _aArchitecture, Domestic
653 _aDwellings
653 _aBuildings
830 0 _aProject Gutenberg
_v26101
856 4 0 _uhttp://www.gutenberg.org/ebooks/26101
942 _cEB
999 _c255356
_d255356